000 00917cab a22002175a 4500
001 L158914
008 150930e20150919xxk 000 0 eng d
035 _a(Sirsi) u158914
041 0 _aeng
100 1 _aGrekos, Martha
245 0 0 _aEasy as MDC?
260 _c2015
490 _aEstates Gazette
_v(1537) 19 September 2015, 110-112(3)
520 _aAssess the prospects of the second Mayoral Development Corporation in London; the Old Oak and Park Royal Development Corporation (OPDC) and considers how similar models could help meet the UKs regeneration needs. The ODPC works by establishing a single body which possess the necessary planning powers to coordinate the regeneration, development and physical transformation across three London boroughs.
590 _aKA
651 4 _aUnited Kingdom
651 4 _aLondon
690 _aPlanning and development
_96259
700 1 _aMulhern, M.
942 _n0
999 _c84731
_d84731